000 00673nam a2200157Ia 4500
008 100204s9999 xx 000 0 und d
082 _b6571
100 _aपगडी सेतुमाधवराव संपा.
245 _aमोगल दरबारची बातमीपत्रे
260 _bमहाराष्ट्र राज्य साहित्य मंडळ
_c1978
300 _a237
630 _aमोगल दरबारची बातमीपत्रे
700 _aपगडी सेतुमाधवराव
730 _aमोगल दरबारची बातमीपत्रे
942 _cBOOK
999 _c451009
_d451006